Ohne Gott leben: religionspsychologische Aspekte des "Unglaubens"
| Contributors: | |
|---|---|
| Format: | Print Book |
| Language: | German |
| Subito Delivery Service: | Order now. |
| Check availability: | HBZ Gateway |
| WorldCat: | WorldCat |
| Interlibrary Loan: | Interlibrary Loan for the Fachinformationsdienste (Specialized Information Services in Germany) |
| Published: |
Marburg
Diagonal-Verl.
2008
|
| In: | Year: 2008 |
| Volumes / Articles: | Show volumes/articles. |
| Standardized Subjects / Keyword chains: | B
Unbelief
/ Internet questionnaires
/ Religious psychology
B Religious doubt (motif) / Religious identity B Atheism B Agnosticism |
| Further subjects: | B
Irreligion
B Atheism B Belief and doubt B Skepticism B Agnosticism B Spring |
| Online Access: |
Ausführliche Beschreibung (Publisher) Inhaltstext (Publisher) Table of Contents |
MARC
| LEADER | 00000cam a2200000 c 4500 | ||
|---|---|---|---|
| 001 | 568927532 | ||
| 003 | DE-627 | ||
| 005 | 20251223215404.0 | ||
| 007 | tu | ||
| 008 | 080612s2008 gw ||||| 00| ||ger c | ||
| 010 | |a 2008474476 | ||
| 015 | |a 08,N25,0235 |2 dnb | ||
| 016 | 7 | |a 988942615 |2 DE-101 | |
| 020 | |a 9783939346074 |c Kt. : EUR 15.00, EUR 15.50 (AT) |9 978-3-939346-07-4 | ||
| 035 | |a (DE-627)568927532 | ||
| 035 | |a (DE-576)283854006 | ||
| 035 | |a (DE-599)DNB988942615 | ||
| 035 | |a (OCoLC)244047143 | ||
| 035 | |a (OCoLC)244047143 | ||
| 040 | |a DE-627 |b ger |c DE-627 |e rakwb | ||
| 041 | |a ger | ||
| 044 | |c XA-DE-HE | ||
| 050 | 0 | |a BL2747 | |
| 082 | 0 | |a 211.8 |q BSZ | |
| 082 | 0 | 4 | |a 200 |a 150 |
| 084 | |a 0 |2 ssgn | ||
| 084 | |a BE 3650 |2 rvk |0 (DE-625)rvk/10576: | ||
| 084 | |a BG 3000 |2 rvk |0 (DE-625)rvk/11242: | ||
| 084 | |a 11.06 |2 bkl | ||
| 245 | 0 | 0 | |a Ohne Gott leben |b religionspsychologische Aspekte des "Unglaubens" |c Sebastian Murken (Hrsg.) |
| 264 | 1 | |a Marburg |b Diagonal-Verl. |c 2008 | |
| 300 | |a 262 S. |b graph. Darst. | ||
| 336 | |a Text |b txt |2 rdacontent | ||
| 337 | |a ohne Hilfsmittel zu benutzen |b n |2 rdamedia | ||
| 338 | |a Band |b nc |2 rdacarrier | ||
| 500 | |a Literaturangaben | ||
| 583 | 1 | |a Archivierung/Langzeitarchivierung gewährleistet |f SSG |x XA-DE-BW |2 pdager |5 DE-21 | |
| 583 | 1 | |a Archivierung prüfen |c 20240324 |f DE-4165 |z 3 |2 pdager | |
| 601 | |a Religionspsychologie | ||
| 650 | 0 | |a Irreligion | |
| 650 | 0 | |a Belief and doubt | |
| 650 | 0 | |a Agnosticism | |
| 650 | 0 | |a Atheism | |
| 650 | 0 | |a Skepticism | |
| 655 | 7 | |a Quelle |0 (DE-588)4135952-5 |0 (DE-627)105661236 |0 (DE-576)209665084 |2 gnd-content | |
| 689 | 0 | 0 | |d s |0 (DE-588)4186882-1 |0 (DE-627)105276294 |0 (DE-576)210042141 |2 gnd |a Unglaube |
| 689 | 0 | 1 | |d s |0 (DE-588)4788337-6 |0 (DE-627)391476246 |0 (DE-576)216404541 |2 gnd |a Online-Umfrage |
| 689 | 0 | 2 | |d s |0 (DE-588)4049418-4 |0 (DE-627)106187090 |0 (DE-576)20908197X |2 gnd |a Religionspsychologie |
| 689 | 0 | |5 DE-101 | |
| 689 | 1 | 0 | |d s |0 (DE-588)4157498-9 |0 (DE-627)10432130X |0 (DE-576)209834986 |2 gnd |a Glaubenszweifel |
| 689 | 1 | 1 | |d s |0 (DE-588)4354651-1 |0 (DE-627)181259605 |0 (DE-576)211562815 |2 gnd |a Religiöse Identität |
| 689 | 1 | |5 DE-101 | |
| 689 | 2 | 0 | |d s |0 (DE-588)4003364-8 |0 (DE-627)106389815 |0 (DE-576)208851305 |2 gnd |a Atheismus |
| 689 | 2 | |5 DE-101 | |
| 689 | 3 | 0 | |d s |0 (DE-588)4141626-0 |0 (DE-627)105618934 |0 (DE-576)209712848 |2 gnd |a Agnostizismus |
| 689 | 3 | |5 DE-101 | |
| 700 | 1 | |e Hrsg. |0 (DE-588)120275090 |0 (DE-627)080570178 |0 (DE-576)165102314 |4 edt |a Murken, Sebastian |d 1963- | |
| 856 | 4 | 2 | |u http://d-nb.info/988942615/04 |m B:DE-101 |q application/pdf |v 20130501 |x Verlag |3 Inhaltsverzeichnis |7 1 |
| 856 | 4 | 2 | |u http://deposit.dnb.de/cgi-bin/dokserv?id=3117529&prov=M&dok_var=1&dok_ext=htm |m X: MVB |q text/html |v 20130501 |x Verlag |3 Inhaltstext |7 1 |
| 856 | 4 | 2 | |u http://www.diagonal-verlag.de/07n-buch.html |m X: MVB |q text/html |v 20130501 |x Verlag |3 Ausführliche Beschreibung |7 1 |
| 935 | |a mteo | ||
| 935 | |i Blocktest | ||
| 936 | r | v | |a BE 3650 |b Einzeldarstellungen |k Theologie und Religionswissenschaften |k Religionswissenschaft |k Systematische Religionswissenschaft |k Religionspsychologie |k Einzeldarstellungen |0 (DE-627)1273429176 |0 (DE-625)rvk/10576: |0 (DE-576)203429176 |
| 936 | r | v | |a BG 3000 |b Allgemeines |k Theologie und Religionswissenschaften |k Fundamentaltheologie |k Atheismus |k Allgemeines |0 (DE-627)1270722735 |0 (DE-625)rvk/11242: |0 (DE-576)200722735 |
| 936 | b | k | |a 11.06 |j Religionspsychologie |0 (DE-627)106404210 |
| 951 | |a BO | ||
| ACO | |a 1 | ||
| ELC | |b 1 | ||
| ITA | |a 1 |t 1 | ||
| LOK | |0 000 xxxxxcx a22 zn 4500 | ||
| LOK | |0 001 3181319139 | ||
| LOK | |0 003 DE-627 | ||
| LOK | |0 004 568927532 | ||
| LOK | |0 005 20090514093100 | ||
| LOK | |0 008 090424||||||||||||||||ger||||||| | ||
| LOK | |0 040 |a DE-21 |c DE-627 |d DE-21 | ||
| LOK | |0 852 |a DE-21 | ||
| LOK | |0 852 1 |c 49 A 5020 |9 00 | ||
| LOK | |0 935 |a theo | ||
| LOK | |0 936ln |a t15 | ||
| LOK | |0 938 |a 0905 |f 1 | ||
| LOK | |0 939 |a 24-04-09 |b l01 | ||
| LOK | |0 000 xxxxxcx a22 zn 4500 | ||
| LOK | |0 001 4418429905 | ||
| LOK | |0 003 DE-627 | ||
| LOK | |0 004 568927532 | ||
| LOK | |0 005 20240522092356 | ||
| LOK | |0 008 231127||||||||||||||||ger||||||| | ||
| LOK | |0 040 |a DE-Tue135 |c DE-627 |d DE-Tue135 | ||
| LOK | |0 092 |o n | ||
| LOK | |0 852 |a DE-Tue135 | ||
| LOK | |0 852 1 |9 00 | ||
| LOK | |0 866 |x #003 | ||
| LOK | |0 935 |a ixmo |a rwzx | ||
| LOK | |0 939 |a 27-11-23 |b l01 | ||
| ORI | |a SA-MARC-ixtheoa001.raw | ||
| REL | |a 1 | ||
| SPR | |a 1 |t IXT |t REL | ||
| STA | 0 | 0 | |a Agnosticism,Atheism,Atheism,Internet questionnaires,Religious doubt (motif),Faith,Doubt,Religious doubt,Faith difficulty,Religious identity,Religious identity,Identity,Religious psychology,Psychology of Religion,Religion,Unbelief,Unbelief |
| STB | 0 | 0 | |a Agnosticisme,Athéisme,Athéisme,Doute religieux (motif),Doute religieux,Enquête en ligne,Sondage en ligne,Sondage en ligne,Identité religieuse,Identité religieuse,Incroyance,Incroyance,Psychologie des religions |
| STC | 0 | 0 | |a Agnosticismo,Ateísmo,Ateísmo,Dudas religiosas,Encuesta en línea,Identidad religiosa,Identidad religiosa,Psicología de la religión |
| STD | 0 | 0 | |a Agnosticismo,Ateismo,Ateismo,Dubbio di fede,Identità religiosa,Identità religiosa,Non credenza <motivo>,Non credenza,Noncredenza,Noncredenza,Noncredenza (motivo),Noncredenza,Psicologia della religione,Sondaggio online |
| STE | 0 | 0 | |a 不信者,不信者,不可知论,不可知主义,信仰的疑惑,对信仰的怀疑,宗教心理学,宗教身份,宗教认同,无神论 |
| STF | 0 | 0 | |a 不信者,不信者,不可知論,不可知主義,信仰的疑惑,對信仰的懷疑,在線訪談,宗教心理學,宗教身份,宗教認同,無神論 |
| STG | 0 | 0 | |a Agnosticismo,Ateísmo,Ateísmo,Dúvidas religiosas,Enquete online,Identidade religiosa,Identidade religiosa,Psicologia da religião |
| STH | 0 | 0 | |a Агностицизм,Атеизм (мотив),Атеизм,Неверие (мотив),Неверие,Онлайн-опрос,Психология религии,Религиозная личность (мотив),Религиозное сознание,Сомнения в вере |
| STI | 0 | 0 | |a Online έρευνα,Έλλειψη πίστης <μοτίβο>,Έλλειψη πίστης,Απουσία πίστης,Απουσία πίστης (μοτίβο),Αγνωστικισμός,Αθεϊσμός (μοτίβο),Αθεϊσμός,Αμφιβολία της πίστης,Θρησκευτική ταυτότητα (μοτίβο),Θρησκευτική ταυτότητα,Ψυχολογία της θρησκείας |
| SUB | |a REL | ||
| SYG | 0 | 0 | |a Online-Befragung,Online-Interview , Religiöser Zweifel,Glaubensproblem,Glaubensschwierigkeit,Glaube , Religiöses Bewusstsein , Gottlosigkeit |



